Best MLB Player From (Almost) Every State - Statistics

General Stats
  • This quiz has been taken 116 times
  • The average score is 17 of 46
Answers on the Map
Answers color-coded by a green-red scale on the quiz's map according to % correct below.
 
Answer Stats
Player(s) Place of Birth Team State % Correct
98 Aaron Judge Sacramento Yankees California
96%
87 Bryce Harper Las Vegas Phillies Nevada
70%
85 Clayton Kershaw Dallas Dodgers Texas
68%
89 Shane McClanahan Baltimore Rays Maryland
67%
86 Aaron Nola Baton Rouge Phillies Louisiana
64%
89 Spencer Strider Columbus Braves Ohio
63%
83 James Karinchak | Michael King | Triston McKenzie Newburgh | Rochester | New York City Guardians | Yankees | Guardians New York
61%
73 Alec Bohm Omaha Phillies Nebraska
59%
79 Michael Wacha Iowa City Red Sox Iowa
58%
85 Will Smith Louisville Dodgers Kentucky
58%
81 Alex Bregman Albuquerque Astros New Mexico
58%
77 Drew Smyly Little Rock Cubs Arkansas
57%
72 James Hoyt Boise FA Idaho
57%
81 Kevin Kiermaier | Lance Lynn Fort Wayne | Indianapolis Rays | White Sox Indiana
57%
97 Jacob deGrom DeLand Mets Florida
55%
92 Mike Trout Millville Angels New Jersey
54%
81 Corey Seager | Jeffrey Springs Charlotte | Belmont Rangers | Rays North Carolina
54%
77 Alex Verdugo Tucson Red Sox Arizona
53%
80 Pete Fairbanks | Daulton Varsho Milwaukee | Marshfield Rays | Diamondbacks Wisconsin
50%
81 Tim Anderson Tuscaloosa White Sox Alabama
42%
92 Paul Goldschmidt Wilmington Cardinals Delaware
42%
82 Brandon Nimmo Cheyenne Mets Wyoming
42%
82 Erik Swanson Fargo Mariners North Dakota
39%
63 Mason Williams Pawtucket FA Rhode Island
30%
86 Brandon Woodruff Tupelo Brewers Mississippi
28%
83 George Springer New Britain Blue Jays Connecticut
26%
90 Mookie Betts Smyrna Dodgers Tennessee
26%
90 Byron Buxton Baxley Twins Georgia
22%
86 Danny Jansen Elmhurst Blue Jays Illinois
22%
90 Max Scherzer Chesterfield Mets Missouri
22%
72 Sean Doolittle Rapid City Nationals South Dakota
22%
91 Justin Verlander Manakin-Sabot Astros Virginia
22%
58 Michael Grove Wheeling Dodgers West Virginia
20%
84 Jason Adam Overland Park Rays Kansas
18%
77 Nick Ahmed Springfield Diamondbacks Massachusetts
18%
68 Codi Heuer Missoula FA Montana
16%
82 Kirby Yates Lihue Braves Hawaii
14%
89 Ryan Helsley Tahlequah Cardinals Oklahoma
13%
83 Christian Walker Norristown Diamondbacks Pennsylvania
13%
81 Whit Merrifield Florence Blue Jays South Carolina
13%
83 Brandon Drury Grants Pass Padres Oregon
12%
80 Kevin Gausman Centennial Blue Jays Colorado
9%
82 Drew Rasmussen Puyallup Rays Washington
9%
80 John Schreiber Wyandotte Red Sox Michigan
7%
81 Nick Anderson | Sam Hentges Crosby | Shoreview Rays | Guardians Minnesota
5%
73 Joe Barlow Riverton Rangers Utah
5%
No matching quizzes found
Score Distribution
Percent of People with Each Score
Percentile by Number Answered
Your Score History
You have not taken this quiz